[Event "chess.com SpeedChess Q2Sw"]
[Site "chess.com INT"]
[Date "2022.11.12"]
[Round "10"]
[White "Sadovsky, Artem"]
[Black "Klukin, Kirill"]
[Result "0-1"]
[WhiteTitle "IM"]
[BlackTitle "IM"]
[WhiteElo "2276"]
[BlackElo "2390"]
[WhiteFideId "4155840"]
[BlackFideId "24199273"]
[EventDate "2022.11.12"]

1. Nf3 Nf6 2. e3 d5 3. b3 Bf5 4. Bb2 h6 5. c4 e6 6. Be2 c6 7. O-O Be7 8. d4 O-O
9. Nc3 Nbd7 10. Rc1 Bd6 11. Re1 Re8 12. Nd2 Qe7 13. f4 Ba3 14. Bxa3 Qxa3 15. g4
Bh7 16. g5 hxg5 17. fxg5 Ne4 18. Ndxe4 dxe4 19. Bh5 Qe7 20. Qg4 g6 21. Bxg6 Bxg6
22. h4 Bf5 23. Qf4 Nf8 24. h5 Nh7 25. Kf2 Nxg5 26. Rg1 f6 27. Rxg5+ fxg5 28. Rg1
Kh7 29. Rxg5 Rg8 30. Rxf5 Raf8 31. Ke1 Rxf5 32. Qxe4 Qf6 33. Kd2 Kh8 34. Kd3
Rxh5 35. a4 Qf5 36. b4 Rg4 37. Qxf5 exf5 38. d5 cxd5 39. cxd5 Rh3 40. d6 Rgg3
41. d7 Rxe3+ 42. Kc4 Rxc3+ 43. Kb5 Rcd3 44. Ka5 Rxd7 45. b5 Rh4 46. b6 axb6+ 47.
Kxb6 Rxa4 48. Kb5 Ra6 49. Kb4 Rc6 50. Kb5 f4 51. Kb4 f3 52. Kb5 f2 53. Kb4 f1=Q
54. Ka5 Rd5+ 55. Kb4 Qb5+ 56. Ka3 Rc3+ 57. Ka2 Rd2+ 58. Ka1 Qa4+ 59. Kb1 Qb3+
60. Ka1 Qa3+ 61. Kb1 Rc1# 0-1

[Event "chess.com SpeedChess Q2Sw"]
[Site "chess.com INT"]
[Date "2022.11.12"]
[Round "10"]
[White "Terry, Renato"]
[Black "Kosakowski, Jakub"]
[Result "1-0"]
[WhiteTitle "IM"]
[BlackTitle "IM"]
[WhiteElo "2516"]
[BlackElo "2475"]
[WhiteFideId "3803457"]
[BlackFideId "1185080"]
[EventDate "2022.11.12"]

1. e4 c6 2. Nf3 d5 3. exd5 cxd5 4. Ne5 Nc6 5. d4 Nf6 6. c3 e6 7. Bd3 Bd6 8. f4
O-O 9. Nd2 Qb6 10. Qe2 Ne7 11. O-O Bd7 12. g4 Bc6 13. g5 Ne4 14. Nxe4 dxe4 15.
Bxe4 Bxe4 16. Qxe4 Nf5 17. Nd7 Qb5 18. Nxf8 Rxf8 19. Rf2 Bc7 20. Be3 Qd7 21. Re1
Bb8 22. Bc1 Rd8 23. Rfe2 Qb5 24. Qf3 a6 25. Re4 Qd7 26. R4e2 Qb5 27. Rd1 Bc7 28.
d5 exd5 29. Kh1 g6 30. Qd3 Qc6 31. Rde1 Kg7 32. Bd2 Qa4 33. b3 Qc6 34. Qf3 Nh4
35. Qd3 Nf5 36. a4 Bb8 37. Kg2 Bc7 38. Kf1 Bb8 39. Qf3 Nh4 40. Qd3 Nf5 41. Rf2
Ba7 42. Rf3 Qb6 43. Ke2 Qxb3 44. Rb1 Re8+ 45. Kf1 Qxa4 46. Qxd5 Qc2 47. Rc1 Qa4
48. c4 Qa2 49. Qd3 Bc5 50. Qc2 Qxc2 51. Rxc2 Kg8 52. Rb2 Nd4 53. Rd3 b6 54. Be3
Ne6 55. Re2 1-0

[Event "chess.com SpeedChess Q2Sw"]
[Site "chess.com INT"]
[Date "2022.11.12"]
[Round "10"]
[White "Rustemov, Alexander"]
[Black "Alekseenko, Kirill"]
[Result "0-1"]
[WhiteTitle "GM"]
[BlackTitle "GM"]
[WhiteElo "2525"]
[BlackElo "2687"]
[WhiteFideId "4119002"]
[BlackFideId "4135539"]
[EventDate "2022.11.12"]

1. d4 d5 2. c4 dxc4 3. Nf3 a6 4. e3 Bg4 5. Bxc4 e6 6. O-O Nc6 7. h3 Bh5 8. Nc3
Nf6 9. Re1 Be7 10. g4 Bg6 11. e4 O-O 12. a3 b5 13. Bb3 b4 14. axb4 Bxb4 15. e5
Nd5 16. Bd2 a5 17. Qe2 Rb8 18. Ba4 Nce7 19. Nh4 Bxc3 20. bxc3 Rb2 21. Qd1 Nb6
22. Nxg6 fxg6 23. Bb3 Ned5 24. Rb1 Rxb1 25. Qxb1 Qh4 26. Re2 Qxh3 27. Qe4 g5 28.
Ba2 g6 29. Qg2 Qd3 30. Qe4 Qxe4 31. Rxe4 Kf7 32. Kf1 h6 33. Ke2 Ke7 34. f3 Nf4+
35. Kd1 h5 36. Re1 h4 37. Kc2 Nbd5 38. Rh1 Ng2 39. Rh3 Ngf4 40. Rh2 Kd7 41. Bb3
c6 42. c4 Nb4+ 43. Kc3 Rb8 44. Be3 Rf8 45. Rh1 c5 46. dxc5 Nc6 47. Ba4 Kc7 48.
Rb1 h3 49. Rh1 Nxe5 50. Bxf4 Rxf4 51. Rxh3 Rxf3+ 52. Rxf3 Nxf3 53. Be8 Ne5 54.
Kd4 Nxg4 55. Bxg6 a4 56. Bc2 a3 57. Kc3 Ne3 58. Be4 g4 59. Kb3 g3 60. Kxa3 g2
61. Bxg2 Nxg2 62. Kb4 Kc6 0-1

[Event "chess.com SpeedChess Q2Sw"]
[Site "chess.com INT"]
[Date "2022.11.12"]
[Round "10"]
[White "Matamoros Franco, Carlos S."]
[Black "Azarov, Sergei"]
[Result "1/2-1/2"]
[WhiteTitle "GM"]
[BlackTitle "GM"]
[WhiteElo "2451"]
[BlackElo "2562"]
[WhiteFideId "3600017"]
[BlackFideId "13501470"]
[EventDate "2022.11.12"]

1. c4 Nf6 2. g3 e5 3. Bg2 Nc6 4. Nc3 Bc5 5. Nf3 d6 6. O-O a6 7. d3 h6 8. a3 Ba7
9. b4 O-O 10. e3 Be6 11. Bb2 Qd7 12. Rc1 Bh3 13. Nd5 Ne8 14. Bxh3 Qxh3 15. b5
Nd8 16. d4 exd4 17. Nxd4 Ne6 18. Qf3 Bxd4 19. exd4 Ng5 20. Qg2 Qxg2+ 21. Kxg2 f5
22. Rfe1 Rf7 23. h4 Ne4 24. f3 N4f6 25. Nxf6+ Nxf6 26. d5 Nd7 27. Re3 b6 28.
Rce1 f4 29. gxf4 Rxf4 30. Re8+ Rxe8 31. Rxe8+ Kf7 32. Rd8 Nc5 33. bxa6 Nxa6 34.
Rd7+ Ke8 35. Rxg7 Rxc4 36. Kg3 Nc5 37. h5 Nd7 38. Rg6 Rc5 39. Rxh6 Rxd5 40. Rh8+
Kf7 41. h6 Nf6 42. Rc8 Rh5 43. Rxc7+ Ke6 44. Bxf6 Kxf6 45. h7 d5 46. Kf4 Rh4+
47. Ke3 Ke5 48. f4+ Kf5 49. Rf7+ Ke6 50. Rb7 d4+ 51. Kxd4 Rxf4+ 52. Kc3 Rh4 53.
Rxb6+ Kd5 54. Rb7 Kc5 55. Kb3 Rh3+ 56. Kc2 Kc4 57. a4 Rh2+ 58. Kd1 Kd3 59. Rd7+
Kc4 60. a5 Kb5 61. Ke1 Kxa5 62. Kf1 Kb5 63. Kg1 Rh6 64. Kg2 Kc6 65. Rg7 Kd5 66.
Kg3 Ke5 67. Kg4 Kf6 68. Ra7 Kg6 69. Ra6+ Kxh7 70. Rxh6+ Kxh6 1/2-1/2

[Event "chess.com SpeedChess Q2Sw"]
[Site "chess.com INT"]
[Date "2022.11.12"]
[Round "10"]
[White "Martinez Alcantara, Jose Eduardo"]
[Black "Sarana, Alexey"]
[Result "0-1"]
[WhiteTitle "GM"]
[BlackTitle "GM"]
[WhiteElo "2597"]
[BlackElo "2668"]
[WhiteFideId "3805662"]
[BlackFideId "24133795"]
[EventDate "2022.11.12"]

1. e4 c5 2. Nf3 d6 3. Bb5+ Bd7 4. Bxd7+ Nxd7 5. Qe2 e6 6. c4 Ne5 7. O-O Be7 8.
Nxe5 dxe5 9. d3 Nf6 10. Nd2 Nd7 11. Nf3 O-O 12. Be3 Bd6 13. a3 Qe7 14. Rab1 b6
15. Bd2 a5 16. Qe1 Nb8 17. b4 axb4 18. axb4 Nc6 19. bxc5 Bxc5 20. Be3 Ra3 21.
Qe2 Rd8 22. Rfd1 h6 23. h3 Qc7 24. Bc1 Ra7 25. Be3 Ra3 26. Bc1 Ra6 27. Be3 Qd6
28. Rb3 Rda8 29. Bxc5 bxc5 30. Rdb1 Ra1 31. Kh2 Rxb1 32. Rxb1 Ra3 33. Rd1 Qb8
34. g3 Rb3 35. Kg2 Rb2 36. Rd2 Rxd2 37. Qxd2 Qb3 38. Qe3 Qa3 39. g4 f6 40. h4 g5
41. hxg5 hxg5 42. Ng1 Nd4 43. Ne2 Nc2 44. Qd2 Qxd3 45. Qxd3 Ne1+ 46. Kg3 Nxd3
47. Nc3 Kf7 48. Na4 Ke7 49. Kf3 Kd6 50. Ke2 Nb4 51. f3 Nc6 52. Ke3 Nd4 53. Nb2
Kc6 54. Nd3 Kb6 55. Kf2 Nc2 56. Nb2 Na3 57. Na4+ Kc6 58. Nb2 Nc2 59. Ke2 Nd4+
60. Ke3 Kd6 61. Na4 f5 62. gxf5 exf5 63. exf5 Nxf5+ 64. Ke4 Ng3+ 65. Ke3 Kc6 66.
Nc3 Kd7 67. Ne4 Nxe4 68. fxe4 Ke7 69. Kf3 Kf7 70. Kg3 Kg7 71. Kh3 Kh6 72. Kg4
Kg6 73. Kf3 Kh5 74. Ke3 g4 75. Kd3 g3 76. Kc3 Kg4 77. Kb3 g2 78. Ka4 g1=Q 79.
Ka5 Qd4 80. Kb5 Kf4 81. Kc6 Kxe4 82. Kc7 Kd3 83. Kb7 e4 84. Kc8 e3 85. Kc7 e2
86. Kb7 e1=Q 87. Ka8 Qe6 88. Kb8 Qdd7 89. Ka8 Qee8# 0-1

[Event "chess.com SpeedChess Q2Sw"]
[Site "chess.com INT"]
[Date "2022.11.12"]
[Round "10"]
[White "Talibov, Shiroghlan"]
[Black "Jones, Gawain C B"]
[Result "1/2-1/2"]
[WhiteTitle "FM"]
[BlackTitle "GM"]
[WhiteElo "2316"]
[BlackElo "2623"]
[WhiteFideId "13429078"]
[BlackFideId "409561"]
[EventDate "2022.11.12"]

1. e4 e5 2. Nf3 Nc6 3. Bb5 a6 4. Ba4 Nf6 5. O-O d6 6. Re1 Bd7 7. d4 g6 8. Nc3 b5
9. Bb3 Nxd4 10. Nxd4 exd4 11. Nd5 Bg7 12. Bg5 h6 13. Bxf6 Bxf6 14. Qf3 Be5 15.
Nb6 O-O 16. Nxa8 Qxa8 17. a4 Qd8 18. axb5 axb5 19. Ra7 h5 20. h3 Be6 21. Qd3
Bxb3 22. Qxb3 c6 23. Rf1 Qg5 24. g3 Qd2 25. Qd3 Qb4 26. b3 Qc5 27. Rb7 h4 28. f4
Bg7 29. gxh4 Qh5 30. Qg3 Bf6 31. Qg4 Qc5 32. Kh1 Qxc2 33. f5 Be5 34. Qg2 Qxg2+
35. Kxg2 Kg7 36. Rb6 c5 37. Rxb5 gxf5 38. Rxf5 Kh6 39. Rb7 f6 40. Kf3 Rg8 41.
Ke2 Rg2+ 42. Rf2 Rg3 43. Rf3 Rg2+ 44. Kd3 Rb2 45. Kc4 Rc2+ 46. Kd5 Rc3 47. Rf1
d3 48. Rd1 Bf4 49. Ke6 d2 50. Kf5 Rc1 51. Kxf4 Rxd1 52. Ke3 Re1+ 53. Kxd2 Rxe4
54. Rd7 Rd4+ 55. Ke3 f5 56. b4 f4+ 57. Kf3 cxb4 58. Rb7 Kh5 59. Rh7+ Kg6 60. Rb7
d5 61. Kg4 f3+ 62. Kxf3 Kf5 63. h5 Kg5 64. Rb5 Kf5 65. h6 Ke5 66. Kg3 Rc4 67. h7
Rc8 68. Rxb4 Rh8 69. Rh4 Kf6 70. Kf4 Kg7 71. Ke5 Rxh7 72. Rxh7+ Kxh7 73. Kxd5
Kg6 74. h4 Kh5 75. Ke5 Kxh4 1/2-1/2

[Event "chess.com SpeedChess Q2Sw"]
[Site "chess.com INT"]
[Date "2022.11.12"]
[Round "10"]
[White "Brodowski, Piotr"]
[Black "Andreev, Eduard UKR"]
[Result "1/2-1/2"]
[WhiteTitle "IM"]
[BlackTitle "GM"]
[WhiteElo "2455"]
[BlackElo "2413"]
[WhiteFideId "1124480"]
[BlackFideId "14103400"]
[EventDate "2022.11.12"]

1. e4 c6 2. Ke2 d5 3. d3 e5 4. Nf3 Bd6 5. g3 Nf6 6. Bg2 dxe4 7. dxe4 Nxe4 8. Re1
O-O 9. Kf1 Bf5 10. Nh4 Nxf2 11. Kxf2 Bc5+ 12. Be3 Bxe3+ 13. Kxe3 Qb6+ 14. Ke2
Qxb2 15. Nxf5 Qxa1 16. Qd2 Qb2 17. Be4 f6 18. Nc3 Qb4 19. Rb1 Qc4+ 20. Ke1 b5
21. Nd6 Qc5 22. Rxb5 cxb5 23. Qd5+ Qxd5 24. Bxd5+ Kh8 25. Bxa8 b4 26. Nd5 a5 27.
Nb6 g6 28. Bd5 Kg7 29. Nbc4 a4 30. Kd2 Nd7 31. c3 bxc3+ 32. Kxc3 Rb8 33. Be6 Nc5
34. Bg4 f5 35. Bd1 Kf6 36. Bc2 e4 37. Kd4 Ne6+ 38. Ke3 Nc5 39. g4 Nd7 40. Kf4
g5+ 41. Ke3 f4+ 42. Kxe4 Re8+ 43. Kf3 Re1 44. Kf2 Rh1 45. Kg2 Rc1 46. Bxa4 Ne5
47. Ne4+ Ke6 48. Nxe5 Kxe5 49. Nxg5 Ra1 50. Nf3+ Ke4 51. Bb3 Ke3 52. Bd5 h6 53.
h4 Rb1 54. g5 Rd1 55. Bb3 Rd6 56. gxh6 Rxh6 57. a4 Rg6+ 58. Ng5 f3+ 59. Kf1 f2
60. Nh3 Rb6 61. Nxf2 Rf6 62. h5 Rxf2+ 63. Kg1 Rb2 64. Bf7 Rb6 65. Bg6 Kf4 66.
Kf2 Ra6 67. Be8 Kg5 68. Kg3 Rxa4 69. Bxa4 Kh6 70. Kh4 Kg7 71. Kg5 Kh8 72. Kh6
Kg8 73. Bc2 Kh8 74. Kg6 Kg8 75. h6 Kh8 76. Bd3 Kg8 77. Be4 Kh8 78. Bf5 Kg8 79.
Be6+ Kh8 80. Bd7 Kg8 81. Be8 Kh8 82. Bf7 1/2-1/2

[Event "chess.com SpeedChess Q2Sw"]
[Site "chess.com INT"]
[Date "2022.11.12"]
[Round "10"]
[White "Eynullayev, Altay"]
[Black "Peyrer, Konstantin"]
[Result "0-1"]
[WhiteTitle "FM"]
[BlackTitle "FM"]
[WhiteElo "2214"]
[BlackElo "2393"]
[WhiteFideId "13413562"]
[BlackFideId "1640879"]
[EventDate "2022.11.12"]

1. e4 c6 2. d4 d5 3. e5 Bf5 4. Nf3 e6 5. Be2 Ne7 6. O-O c5 7. c4 dxc4 8. Na3
Nec6 9. Nxc4 cxd4 10. Bg5 Qd5 11. Qb3 b5 12. Nd6+ Bxd6 13. Qxd5 exd5 14. exd6 d3
15. Bd1 f6 16. Bf4 g5 17. Bg3 Nd7 18. Rc1 Nce5 19. Nd4 Bg6 20. Rc7 O-O 21. f4
gxf4 22. Bxf4 a6 23. Bb3 Nb6 24. Ne6 Rf7 25. Rfc1 Bf5 26. Rxf7 Kxf7 27. Nc7 Rc8
28. Rf1 Kg6 29. Nxd5 Nxd5 30. Bxd5 Rd8 31. Bxe5 fxe5 32. g4 Bxg4 33. Be4+ Kg7
34. Bxd3 Rxd6 35. Be4 Rd4 36. Bg2 Be6 37. Re1 Rc4 38. Rxe5 Rc1+ 39. Kf2 Rc2+ 40.
Re2 Rxe2+ 41. Kxe2 Bxa2 42. b4 Kf6 43. Ke3 Ke5 44. Bb7 Bd5 45. Bxa6 Bc6 46. Bc8
h5 47. Bh3 h4 48. Bf1 Bd7 49. Be2 Bc6 50. Bd3 Be8 51. Be2 Kd5 52. Bd3 Bd7 53.
Be2 Ke5 54. Bd3 Bc6 55. Be2 Kf5 56. Bd1 Bd5 57. Be2 Bc6 58. Bd1 Ke5 59. Be2 Be8
60. Bd3 Kd5 61. Be2 Bd7 62. Bd3 Ke5 63. Be2 Kf5 64. Bd3+ Kg4 65. Bf1 Bc6 66. Kf2
Kf4 67. h3 Bd7 68. Bg2 Bc8 69. Bf1 Bd7 70. Bg2 Be8 71. Bf1 Ke4 72. Bg2+ Kd4 73.
Kf3 Bc6+ 74. Kf2 Bxg2 75. Kxg2 Kc4 76. Kf3 Kxb4 77. Kg4 Kc3 78. Kxh4 b4 79. Kg5
b3 80. h4 b2 81. h5 b1=Q 82. h6 Qh7 83. Kh5 Kd4 84. Kg5 Ke5 0-1

[Event "chess.com SpeedChess Q2Sw"]
[Site "chess.com INT"]
[Date "2022.11.12"]
[Round "10"]
[White "Aarav, Dengla"]
[Black "Dauner, Benedikt"]
[Result "1-0"]
[WhiteTitle "FM"]
[BlackTitle "FM"]
[WhiteElo "2357"]
[BlackElo "2336"]
[WhiteFideId "45059756"]
[BlackFideId "16225899"]
[EventDate "2022.11.12"]

1. e4 Nf6 2. e5 Nd5 3. d4 d6 4. c4 Nb6 5. exd6 cxd6 6. Nc3 g6 7. Be3 Bg7 8. Rc1
Nc6 9. h3 O-O 10. Nf3 Bf5 11. Be2 e5 12. O-O Rc8 13. b3 Re8 14. Qd2 d5 15. dxe5
dxc4 16. Qxd8 Rcxd8 17. Bxb6 axb6 18. Bxc4 Nxe5 19. Nxe5 Bxe5 20. Nd5 Rd6 21.
Rfe1 Kg7 22. Bb5 Ree6 23. Ne3 Bd3 24. Bxd3 Rxd3 25. Nc4 Bd4 26. Rxe6 fxe6 27.
Rc2 Rd1+ 28. Kh2 b5 29. Na5 b6 30. Nc6 Bc5 31. Na7 b4 32. Nb5 Kf6 33. g3 h5 34.
Kg2 g5 35. Na7 Ke7 36. Nc6+ Kd6 37. Nb8 g4 38. hxg4 hxg4 39. Na6 e5 40. Rc4 Rd4
41. Rc2 Kd5 42. Kf1 Rd1+ 43. Ke2 Ra1 44. Nc7+ Kd6 45. Na6 Kd5 46. Rd2+ Kc6 47.
Nb8+ Kc7 48. Nd7 Bd4 49. Nf6 Rb1 50. Nxg4 Kd6 51. Ne3 Ke6 52. Nc2 Bc5 53. Ne3
Rh1 54. Nc4 Rh2 55. Ne3 Rh1 56. Ng4 Rh8 57. Kf3 Rf8+ 58. Ke4 Rg8 59. f3 Bd4 60.
Rh2 Rc8 61. Rh6+ Kf7 62. Rf6+ Kg7 63. Rd6 Rc3 64. Rd7+ Kg6 65. Rd6+ Kg5 66. Nxe5
Bf2 67. f4+ Kh5 68. g4+ Kh4 69. Rh6+ Kg3 70. g5 Re3+ 71. Kf5 Re1 72. g6 Be3 73.
g7 Kf2 74. g8=Q Rc1 75. Nd3+ Ke2 76. Nxc1+ Bxc1 77. Qg2+ Kd3 78. Rd6+ Kc3 79.
Rc6+ Kd4 80. Qe4# 1-0

[Event "chess.com SpeedChess Q2Sw"]
[Site "chess.com INT"]
[Date "2022.11.12"]
[Round "10"]
[White "Xiong, Jeffery"]
[Black "Urazayev, Arystanbek"]
[Result "1-0"]
[WhiteTitle "GM"]
[BlackTitle "IM"]
[WhiteElo "2692"]
[BlackElo "2458"]
[WhiteFideId "2047640"]
[BlackFideId "13709810"]
[EventDate "2022.11.12"]

1. e4 c6 2. c4 d5 3. exd5 cxd5 4. d4 Nf6 5. Nc3 g6 6. cxd5 Bg7 7. Qb3 O-O 8. Be2
a5 9. Nf3 a4 10. Nxa4 Nxd5 11. O-O Nc6 12. Bc4 Na5 13. Qd3 Nxc4 14. Qxc4 b5 15.
Qxb5 Ba6 16. Qb3 Bxf1 17. Kxf1 Qd6 18. Nc3 Nb4 19. Nb5 Qa6 20. Qxb4 Rfb8 21.
Qxe7 Qxb5+ 22. Qe2 Qd5 23. a3 Qb3 24. h4 h5 25. Ne5 Qd5 26. Qf3 Qb5+ 27. Kg1
Bxe5 28. dxe5 Qxe5 29. Bg5 Qxb2 30. Bf6 Qc2 31. Re1 Re8 32. Re7 Qb1+ 33. Kh2 Qf5
34. Qxf5 gxf5 35. Rxe8+ Rxe8 36. Kg3 Re4 37. Bc3 Rg4+ 38. Kh3 Kf8 39. f3 Rc4 40.
Bb4+ Ke8 41. Kg3 f4+ 42. Kf2 Rc2+ 43. Kf1 Kd7 44. a4 Ra2 45. a5 Kc6 46. a6 Rxa6
47. Bd2 Ra4 48. Bc3 Kd5 49. Bf6 Kc4 50. Be5 Kd3 51. Bc7 Ra1+ 52. Kf2 Ra2+ 53.
Kf1 Ra4 54. Kf2 Rc4 55. Bb8 f6 56. Kf1 Rb4 57. Bd6 Ra4 58. Bc7 f5 59. Kf2 Ra2+
60. Kf1 Ra4 61. Kf2 Rc4 62. Bb8 Rd4 63. Bc7 Kc4 64. Be5 Rd2+ 65. Kf1 Kd5 66.
Bxf4 Rd4 67. Bg5 f4 68. Ke2 Ke5 69. Bh6 Kf5 70. Bf8 Ra4 71. Kf2 Ra1 72. Bd6 Ra2+
73. Kf1 Ra1+ 74. Kf2 Rh1 75. Be7 Ke6 76. Bg5 Ke5 77. Be7 Rb1 78. Bd8 Rc1 79. Be7
Rc2+ 80. Kf1 Kd4 81. Bd8 Rb2 82. Bf6+ 1-0

[Event "chess.com SpeedChess Q2Sw"]
[Site "chess.com INT"]
[Date "2022.11.12"]
[Round "10"]
[White "Shuvalova, Polina"]
[Black "Salman, Pavel"]
[Result "1/2-1/2"]
[WhiteTitle "IM"]
[BlackTitle "FM"]
[WhiteElo "2492"]
[BlackElo "2287"]
[WhiteFideId "24171760"]
[BlackFideId "24153753"]
[EventDate "2022.11.12"]

1. d4 Nf6 2. Nf3 c5 3. d5 g6 4. c4 b5 5. cxb5 a6 6. Nc3 axb5 7. Nxb5 Ba6 8. Nc3
Bg7 9. g3 O-O 10. Bg2 d6 11. O-O Qb6 12. Re1 Nbd7 13. a4 Rfb8 14. e4 Ng4 15. h3
Nge5 16. Nxe5 Nxe5 17. Bf1 Bxf1 18. Rxf1 c4 19. Ra2 Nd3 20. Be3 Qb3 21. Qd2 Nxb2
22. Bd4 Bxd4 23. Qxd4 Nxa4 24. Rxa4 Rxa4 25. Nxa4 Qxa4 26. Rc1 Rc8 27. Rc3 Qb4
28. Kg2 f6 29. h4 h5 30. Qd2 Kg7 31. Qe3 Rc5 32. Qd4 Qa4 33. Qe3 Qd1 34. Rc1 Qb3
35. Rc3 Qb2 36. Qd4 Qa2 37. Rc1 Qe2 38. Rc3 Kf7 39. Re3 Qa2 40. Rf3 Qa5 41. Rc3
Ke8 42. Rxc4 Rxc4 43. Qxc4 Qa7 44. Qc8+ Kf7 45. Qe6+ Kg7 46. Qc8 Kf7 47. Qd8 Kg7
48. Qc8 Qd4 49. Qe6 Qa7 50. Kf3 Qb7 51. Ke3 Qa7+ 52. Ke2 Qa6+ 53. Kf3 Qa7 54.
Qc8 Qa3+ 55. Kg2 Qa7 56. Qc4 Qb7 57. Qe2 Qa7 58. Qe3 Qb7 59. Qf3 Qa7 60. g4 hxg4
61. Qxg4 Kh6 62. Qe6 Kg7 63. Kg3 Qa3+ 64. Kg2 Qa7 65. Qc8 Qd4 66. Qg4 Kh6 67.
Qe6 Qa7 68. Qg8 g5 69. Qh8+ Kg6 70. h5+ Kf7 71. h6 Qd4 72. Qg7+ Ke8 73. h7 Qxe4+
74. Kg1 Qe1+ 75. Kg2 Qe4+ 76. Kg3 Qf4+ 77. Kh3 Qh4+ 78. Kg2 Qe4+ 1/2-1/2

[Event "chess.com SpeedChess Q2Sw"]
[Site "chess.com INT"]
[Date "2022.11.12"]
[Round "10"]
[White "Danielyan, Vahe"]
[Black "Fridman, Daniel"]
[Result "1/2-1/2"]
[WhiteTitle "IM"]
[BlackTitle "GM"]
[WhiteElo "2307"]
[BlackElo "2602"]
[WhiteFideId "13304828"]
[BlackFideId "11600454"]
[EventDate "2022.11.12"]

1. e4 e6 2. Nc3 d5 3. d4 Nf6 4. Bg5 Bb4 5. e5 h6 6. Bd2 Bxc3 7. bxc3 Ne4 8. Qg4
Kf8 9. Bd3 Nxd2 10. Kxd2 Qg5+ 11. Qxg5 hxg5 12. Ne2 g4 13. Raf1 c5 14. Nf4 Nc6
15. dxc5 Nxe5 16. Re1 Nd7 17. Be2 Nxc5 18. f3 Bd7 19. Ref1 Rc8 20. fxg4 Ne4+ 21.
Kc1 Ke7 22. c4 Nc3 23. Re1 g5 24. Nh3 Nxe2+ 25. Rxe2 Rxc4 26. Nxg5 Rxg4 27. Nf3
Bb5 28. Rf2 Ra4 29. Ne5 Be8 30. Kb2 Rhh4 31. a3 Rhf4 32. Re2 Rae4 33. Rhe1 Rxe2
34. Rxe2 b6 35. Nd3 Rh4 36. g3 Rh6 37. Kc3 Bb5 38. Kb4 Bxd3 39. cxd3 Rf6 40. Kb5
Rf3 41. Rd2 e5 42. g4 Ke6 43. a4 e4 44. dxe4 dxe4 45. Ka6 Ra3 46. Kxa7 Rxa4+ 47.
Kxb6 Ke5 48. Re2 Rc4 49. Kb5 Rc1 50. g5 Kf5 51. h4 Rh1 52. Rf2+ Kg6 53. Rf6+ Kg7
54. Rf4 e3 55. Re4 e2 56. Rxe2 Rxh4 57. Kc5 Kg6 58. Rf2 Rg4 59. Rf6+ Kg7 60. Rf5
Kg6 61. Rf6+ Kg7 62. Rf5 Rh4 63. Kd5 Ra4 64. Ke5 Rb4 65. Rf1 Kg6 66. Rf6+ Kg7
67. Rf2 Rb5+ 68. Kf4 Kg6 69. Ra2 Rf5+ 70. Ke4 Rxg5 71. Ra8 Rf5 72. Rg8+ Kf6 73.
Ra8 Rf1 74. Ke3 Kf5 75. Ke2 Rf4 76. Ra7 f6 77. Ra8 Kg4 78. Rg8+ Kh3 79. Ke3 Rf1
80. Ke2 Rf5 81. Ke3 Rg5 82. Rf8 Rf5 83. Rg8 Kh4 84. Ke4 Rf1 85. Ke3 Kh5 86. Ke2
Rf5 87. Ke3 Kh6 88. Ke4 Rf1 89. Ke3 Kh7 90. Rg2 Rf5 91. Ke4 Rg5 92. Rxg5 fxg5
93. Kf3 Kg6 94. Kg4 Kf6 95. Kg3 Kf5 96. Kf3 g4+ 97. Kg3 Kg5 98. Kg2 Kf5 99. Kf2
Kf4 100. Kg2 g3 101. Kg1 Kg4 102. Kg2 Kf4 103. Kg1 Kg4 104. Kg2 Kh5 105. Kxg3 1/2-1/2

[Event "chess.com SpeedChess Q2Sw"]
[Site "chess.com INT"]
[Date "2022.11.12"]
[Round "10"]
[White "Steinberg, Nitzan"]
[Black "Yuan, Qingyu"]
[Result "1/2-1/2"]
[WhiteTitle "GM"]
[WhiteElo "2537"]
[BlackElo "2373"]
[WhiteFideId "2801795"]
[BlackFideId "8609772"]
[EventDate "2022.11.12"]

1. e4 c6 2. Nf3 d5 3. exd5 cxd5 4. Ne5 Nc6 5. d4 e6 6. Bb5 Bd7 7. Nxd7 Qxd7 8.
c3 Bd6 9. O-O Nf6 10. Nd2 O-O 11. Re1 Qc7 12. g3 a6 13. Bd3 e5 14. dxe5 Nxe5 15.
Nf3 Nxd3 16. Qxd3 h6 17. Be3 Rfe8 18. Rad1 Bc5 19. Nd4 Re4 20. f3 Re7 21. Bf2
Rae8 22. Rxe7 Rxe7 23. Kg2 Re8 24. Rd2 Qb6 25. Re2 Qd8 26. Qd2 Qd7 27. Qe1 Rxe2
28. Qxe2 Bd6 29. h3 Bc5 30. g4 Bxd4 31. Bxd4 Nh7 32. Qe5 f6 33. Qb8+ Kf7 34. f4
h5 35. Qh8 Nf8 36. Qxh5+ Kg8 37. Qf5 Qxf5 38. gxf5 Nd7 39. Kf3 Nb8 40. Ke3 Nc6
41. Bc5 Kh7 42. b4 b5 43. Kd3 Kh6 44. Bf8 Kh7 45. Kc2 Kg8 46. Bc5 Kf7 47. Kb3
Kg8 48. a4 Kf7 49. axb5 axb5 50. Kc2 Kg8 51. Kd3 Kh7 52. Ke3 Kh6 53. Kf3 Kh5 54.
Bf8 Kh6 55. Kg4 Kh7 56. Bc5 Kh6 57. Kf3 Kh5 58. Bf8 Kh6 59. Ke3 Kh7 60. Bc5 Kg8
61. Kd3 Kf7 62. h4 Kg8 63. Ke3 Kh7 64. Kf3 Kh6 65. Kg4 Nd8 66. Kf3 Kh5 67. Bf8
Kh6 68. Kg4 Nc6 69. Bc5 Kh7 70. h5 Kh6 71. Bf8 Kh7 72. h6 gxh6 73. Kh5 d4 74.
cxd4 Nxd4 75. Bxh6 Nxf5 76. Bf8 Ne3 77. Bc5 Nd5 78. f5 Kg7 79. Kg4 Kf7 80. Kf3
Nc7 81. Ke4 Kg7 82. Bd6 Na6 83. Kd5 Kh6 84. Ke6 Kg5 85. Be7 Nc7+ 86. Kd6 Na6 87.
Ke6 Nc7+ 88. Kd7 Nd5 89. Bd8 Kxf5 90. Kc6 Nc3 91. Kc5 Ke5 92. Bc7+ Ke4 93. Bg3
f5 94. Be1 Nd5 95. Kxb5 f4 96. Kc6 f3 97. b5 Kd4 98. b6 Nxb6 99. Kxb6 Ke3 100.
Bh4 Ke2 101. Bg3 f2 102. Bxf2 1/2-1/2

[Event "chess.com SpeedChess Q2Sw"]
[Site "chess.com INT"]
[Date "2022.11.12"]
[Round "10"]
[White "Costachi, Mihnea"]
[Black "Kukula, Pawel"]
[Result "1-0"]
[WhiteTitle "IM"]
[WhiteElo "2476"]
[BlackElo "2135"]
[WhiteFideId "1217518"]
[BlackFideId "1115081"]
[EventDate "2022.11.12"]

1. Nc3 c5 2. Nf3 Nc6 3. g3 g6 4. e4 Bg7 5. d3 d6 6. Bg2 e5 7. O-O Nge7 8. Nd5
Nxd5 9. exd5 Ne7 10. c4 O-O 11. Rb1 h6 12. a3 a5 13. b4 axb4 14. axb4 b6 15. Bd2
Bg4 16. h3 Bxf3 17. Bxf3 Nf5 18. Bg2 Nd4 19. Bc3 Kh7 20. Bxd4 exd4 21. Re1 Re8
22. Qb3 Rxe1+ 23. Rxe1 h5 24. bxc5 bxc5 25. Qb7 Kg8 26. Re7 Rb8 27. Qa7 Ra8 28.
Rd7 Qc8 29. Qc7 Qxc7 30. Rxc7 Bf8 31. g4 hxg4 32. hxg4 Ra3 33. Be4 Kg7 34. g5
Ra1+ 35. Kg2 Re1 36. Rd7 Re2 37. Kf3 Re1 38. Kg3 Rg1+ 39. Bg2 Rd1 40. Be4 Rg1+
41. Kf4 Re1 42. Bf3 Re5 43. Bg4 Kg8 44. Kg3 Re1 45. Rd8 Kg7 46. Bf3 Re5 47. Bg4
Re1 48. Rd7 Kg8 49. Rb7 Rg1+ 50. Kf4 Re1 51. Bf3 Re5 52. Bg4 Be7 53. Kg3 Bf8 54.
Ra7 Re1 55. Bf3 Re5 56. Bg4 Re1 57. Ra8 Kg7 58. Ra3 Re5 59. f4 Re3+ 60. Bf3 Re1
61. Be4 Re3+ 62. Bf3 Re1 63. Kf2 Re3 64. Be4 Rh3 65. Ra7 Rh2+ 66. Kg3 Rb2 67. f5
gxf5 68. Bxf5 Kg8 69. g6 fxg6 70. Bxg6 Re2 71. Bh7+ Kh8 72. Be4 Re1 73. Kg4 Rf1
74. Kg5 Rf2 75. Kg6 Kg8 76. Kg5 Rf1 77. Bh7+ Kh8 78. Bf5 Rg1+ 79. Kf6 Bg7+ 80.
Kf7 Bf8 81. Ra8 Rg7+ 82. Kf6 Rg8 83. Kf7 Rg7+ 84. Ke6 Rg8 85. Kd7 Rg7+ 86. Kc6
Rf7 87. Be6 Rf6 88. Kd7 Kg7 89. Ra1 Rf3 90. Rg1+ Kf6 91. Rg8 Bh6 92. Kxd6 Rxd3
93. Kxc5 Bf4 94. Rf8+ Ke5 95. Bf5 Rc3 96. Bh7 Be3 97. Re8+ Kf4 98. Kb4 d3 99.
Kxc3 d2 100. Re4+ Kf3 101. Rxe3+ Kxe3 102. Bc2 Ke2 103. d6 Ke1 104. d7 d1=Q 105.
Bxd1 1-0